| Поле | Инд. | ПП | Название | Значение |
|---|---|---|---|---|
| Тип записи | a | |||
| Библиографический уровень | m | |||
| 001 | Контрольный номер | UNIDUBNA658f5869982b400e9092a4afbc25fe80 | ||
| 005 | Дата корректировки | 20260417123351.6 | ||
| 008 | Кодируемые данные | 20260410 | ||
| 022 | 0_ | a | ISSN | 0321-1878 |
| 084 | a | Индекс другой классификации/Индекс ББК | 84(2=411.2)6 | |
| 084 | a | Индекс другой классификации/Индекс ББК | 83.3(2=411.2)6 | |
| 084 | a | Индекс другой классификации/Индекс ББК | 85.335.423(2Рос)6-8Плисецкая М. М. | |
| 084 | a | Индекс другой классификации/Индекс ББК | 83.3(2=411.2)52-8Гумилев Н. С. | |
| 084 | a | Индекс другой классификации/Индекс ББК | 83.3(7США)52-8Хемингуэй Э. М. | |
| 084 | a | Индекс другой классификации/Индекс ББК | 83.3(2=411.2)6-8Хармс Д. И. | |
| 090 | a | Полочн. индекс | 95.2 | |
| 099 | a | Индекс | 42215 | |
| 245 | 10 | a | Заглавие | Звезда |
| n | Номер части/ раздела | №2/2026 | ||
| b | Продолж. заглавия | ежемесячный литературно-художественный и общественно-политический независимый журнал | ||
| c | Ответственность | учредитель: ООО "Журнал "Звезда""; гл. ред. А. Ю. Арьев | ||
| 260 | c | Дата издания | 2026 | |
| b | Издательство | Звезда | ||
| a | Место издания | Санкт-Петербург | ||
| 300 | a | Объем | 288 с. | |
| 500 | a | Примечание | Журнал | |
| 505 | 0_ | a | Форматированное содержание | Стихи |
| b | Автор | Сосновский В. И. | ||
| 505 | 0_ | a | Форматированное содержание | Мы ленинградская пыль |
| b | Автор | Попов В. Г. | ||
| n | Доп. информация | Повесть | ||
| 505 | 0_ | a | Форматированное содержание | Стихи |
| b | Автор | Сливкин Е. А. | ||
| 505 | 0_ | a | Форматированное содержание | Лошади Цезаря |
| b | Автор | Свиридова А. | ||
| n | Доп. информация | Рассказ | ||
| 505 | 0_ | a | Форматированное содержание | Ягода арбуз |
| b | Автор | Свиридова А. | ||
| n | Доп. информация | Рассказ | ||
| 505 | 0_ | a | Форматированное содержание | Стихи |
| b | Автор | Бердникова Е. Г. | ||
| 505 | 0_ | a | Форматированное содержание | Щелк-щелк |
| b | Автор | Носова А. А. | ||
| n | Доп. информация | Рассказ-фотопленка | ||
| 505 | 0_ | a | Форматированное содержание | Стихи |
| b | Автор | Дроздов В. Г. | ||
| 505 | 0_ | a | Форматированное содержание | Достойные похороны |
| b | Автор | Тхоржевская М. С. | ||
| n | Доп. информация | Рассказ | ||
| 505 | 0_ | a | Форматированное содержание | Мост в одну сторону |
| b | Автор | Тхоржевская М. С. | ||
| n | Доп. информация | Рассказ | ||
| 505 | 0_ | a | Форматированное содержание | Хочу белку |
| b | Автор | Пахомова Н. В. | ||
| n | Доп. информация | Рассказ | ||
| 505 | 0_ | a | Форматированное содержание | Стихи |
| b | Автор | Комаров К. М. | ||
| 505 | 0_ | a | Форматированное содержание | Горячий воздух ночи |
| b | Автор | Басова Е. В. | ||
| n | Доп. информация | Повесть | ||
| 505 | 0_ | a | Форматированное содержание | Тоска по биографии |
| b | Автор | Крыщук Н. П. | ||
| n | Доп. информация | Цветаева, Мандельштам, Винокур, Бродский | ||
| 505 | 0_ | a | Форматированное содержание | Майя |
| b | Автор | Шенталинский В. А. | ||
| 505 | 0_ | a | Форматированное содержание | Swanland |
| b | Автор | Дышленко Б. И. | ||
| 505 | 0_ | a | Форматированное содержание | История одного историка |
| b | Автор | Гефтер В. М. | ||
| n | Доп. информация | Главы из книги | ||
| 505 | 0_ | a | Форматированное содержание | "Уедем, бросим край докучный..." |
| b | Автор | Корнилова Н. А. | ||
| n | Доп. информация | Царское Село в поэзии Николая Гумилева | ||
| 505 | 0_ | a | Форматированное содержание | Эрнест Хемингуэй: парижские годы, 1921 - 1926 |
| b | Автор | Щербак Н. Ф. | ||
| 505 | 0_ | a | Форматированное содержание | Хармс в Курске. Ссылка |
| b | Автор | Рыжков П. А. | ||
| 505 | 0_ | a | Форматированное содержание | Захлебнувшаяся трансгрессия |
| b | Автор | Смирнов И. П. | ||
| n | Доп. информация | Крах "вечного возвращения" в прозе Константина Вагинова | ||
| 505 | 0_ | a | Форматированное содержание | Прощальное слово |
| b | Автор | Казарновский П. А. | ||
| n | Доп. информация | Памяти Сергея Дедюлина | ||
| 600 | 14 | a | Персоналии | Бродский Иосиф Александрович |
| a | Персоналии | Вагинов Константин Константинович | ||
| a | Персоналии | Гефтер Михаил Яковлевич | ||
| a | Персоналии | Гумилев Николай Степанович | ||
| a | Персоналии | Дедюлин Сергей Владимирович | ||
| a | Персоналии | Мандельштам Осип Эмильевич | ||
| a | Персоналии | Плисецкая Майя Михайловна | ||
| a | Персоналии | Хармс Даниил Иванович | ||
| a | Персоналии | Хемингуэй Эрнест Миллер | ||
| a | Персоналии | Цветаева Марина Ивановна | ||
| 650 | 04 | a | Основная рубрика | художественная литература; литературоведение |
| 653 | 0_ | a | Ключевые слова | "Козлиная песнь" |
| a | Ключевые слова | XX век | ||
| a | Ключевые слова | XXI век | ||
| a | Ключевые слова | американская литература | ||
| a | Ключевые слова | балет | ||
| a | Ключевые слова | русская литература | ||
| a | Ключевые слова | русская литературная критика | ||
| a | Ключевые слова | русская поэзия | ||
| a | Ключевые слова | трансгрессия | ||
| a | Ключевые слова | Царское село | ||
| 655 | a | Жанр/ форма (устаревшее) | повесть | |
| a | Жанр/ форма (устаревшее) | поэзия | ||
| a | Жанр/ форма (устаревшее) | проза | ||
| a | Жанр/ форма (устаревшее) | рассказ | ||
| a | Жанр/ форма (устаревшее) | стихотворение | ||
| 700 | 12 | a | Автор | Сосновский В. И. |
| q | Полное имя | Сосновский Валерий Игоревич | ||
| 700 | 12 | a | Автор | Попов В. Г. |
| q | Полное имя | Попов Валерий Георгиевич | ||
| 700 | 12 | a | Автор | Сливкин Е. А. |
| q | Полное имя | Сливкин Евгений Александрович | ||
| 700 | 12 | a | Автор | Свиридова А. |
| q | Полное имя | Свиридова Александра | ||
| 700 | 12 | a | Автор | Бердникова Е. Г. |
| q | Полное имя | Бердникова Елена Геннадьевна | ||
| 700 | 12 | a | Автор | Носова А. А. |
| q | Полное имя | Носова Анастасия Антоновна | ||
| 700 | 12 | a | Автор | Дроздов В. Г. |
| q | Полное имя | Дроздов Владимир Георгиевич | ||
| 700 | 12 | a | Автор | Тхоржевская М. С. |
| q | Полное имя | Тхоржевская Мария Сергеевна | ||
| 700 | 12 | a | Автор | Пахомова Н. В. |
| q | Полное имя | Пахомова Наталья Викторовна | ||
| 700 | 12 | a | Автор | Комаров К. М. |
| q | Полное имя | Комаров Константин Маркович | ||
| 700 | 12 | a | Автор | Басова Е. В. |
| q | Полное имя | Басова Евгения Владимировна | ||
| 700 | 12 | a | Автор | Крыщук Н. П. |
| q | Полное имя | Крыщук Николай Прохорович | ||
| 700 | 12 | a | Автор | Шенталинский В. А. |
| q | Полное имя | Шенталинский Виталий Александрович | ||
| 700 | 12 | a | Автор | Шенталинская Т. |
| e | Роль лиц | автор публикации | ||
| e | Роль лиц | автор вступительной заметки | ||
| e | Роль лиц | автор комментариев | ||
| q | Полное имя | Шенталинская Татьяна | ||
| 700 | 12 | a | Автор | Тюленева Е. |
| e | Роль лиц | автор вступительной заметки | ||
| q | Полное имя | Тюленева Елена | ||
| 700 | 12 | a | Автор | Дышленко Б. И. |
| q | Полное имя | Дышленко Борис Иванович | ||
| 700 | 12 | a | Автор | Дышленко И. |
| e | Роль лиц | автор публикации | ||
| q | Полное имя | Дышленко Иван | ||
| 700 | 12 | a | Автор | Гефтер В. М. |
| q | Полное имя | Гефтер Валентин Михайлович | ||
| 700 | 12 | a | Автор | Корнилова Н. А. |
| q | Полное имя | Корнилова Надежда Александровна | ||
| 700 | 12 | a | Автор | Мощеникова М. |
| e | Роль лиц | автор вступительной заметки | ||
| e | Роль лиц | автор публикации | ||
| q | Полное имя | Мощеникова Марина | ||
| 700 | 12 | a | Автор | Щербак Н. Ф. |
| q | Полное имя | Щербак Нина Феликсовна | ||
| 700 | 12 | a | Автор | Рыжков П. А. |
| q | Полное имя | Рыжков Павел Александрович | ||
| 700 | 12 | a | Автор | Смирнов И. П. |
| q | Полное имя | Смирнов Игорь Павлович | ||
| 700 | 12 | a | Автор | Казарновский П. А. |
| q | Полное имя | Казарновский Петр Алексеевич | ||
| 773 | 18 | w | Контрольный № источника | RU/IS/BASE/408119542 |
| 901 | t | Тип документа | s | |
| 952 | a | Тип литературы для КСУ ВШ | ЛХЖ | |
| 991 | s | 6 |